Proceedings of National Conference on Methods and Models in Computing (Record no. 1447)
[ view plain ]
| 000 -LEADER | |
|---|---|
| fixed length control field | 00467nam a2200157Ia 4500 |
| 008 - FIXED-LENGTH DATA ELEMENTS--GENERAL INFORMATION | |
| fixed length control field | 130318s9999 xx 000 0 und d |
| 020 ## - INTERNATIONAL STANDARD BOOK NUMBER | |
| International Standard Book Number | 8184242719 |
| 082 ## - DEWEY DECIMAL CLASSIFICATION NUMBER | |
| Classification number | 003.3 MIN/P |
| 100 ## - MAIN ENTRY--PERSONAL NAME | |
| Personal name | Minz, Sonajharia |
| 245 ## - TITLE STATEMENT | |
| Title | Proceedings of National Conference on Methods and Models in Computing |
| 260 ## - PUBLICATION, DISTRIBUTION, ETC. | |
| Name of publisher, distributor, etc. | Allied Publications Publications Publications |
| Place of publication, distribution, etc. | New Delhi |
| Date of publication, distribution, etc. | 2007 |
| 300 ## - PHYSICAL DESCRIPTION | |
| Extent | 276 |
| 650 ## - SUBJECT ADDED ENTRY--TOPICAL TERM | |
| Topical term or geographic name entry element | COMPUTER MODELING |
| 650 ## - SUBJECT ADDED ENTRY--TOPICAL TERM | |
| Topical term or geographic name entry element | METHODS |
| 700 ## - ADDED ENTRY--PERSONAL NAME | |
| Personal name | Lobiyal, DK |
| Withdrawn status | Lost status | Damaged status | Not for loan | Collection code | Home library | Current library | Shelving location | Date acquired | Total Checkouts | Full call number | Barcode | Date last seen | Date last checked out | Price effective from | Koha item type |
|---|---|---|---|---|---|---|---|---|---|---|---|---|---|---|---|
| Systems | Kerala University of Digital Sciences, Innovation and Technology Knowledge Centre | Kerala University of Digital Sciences, Innovation and Technology Knowledge Centre | Computer Science | 18/04/2023 | 2 | 003.3 MIN/P | 1454 | 06/12/2017 | 16/11/2017 | 18/03/2013 | Books |